000 00615nam a2200193 i 4500
001 44327
003 ES-MaACL
005 20231103062528.0
007 t|
008 030321s1912 xxk ||||1| eng d
100 1 _aClapham, J. H.
_938986
245 1 4 _aThe abbe Sieyés, an essay in the polities of the French Revolution /
_cby J. H. Clapham.
260 _aLondon :
_bP. S. King et Son,
_c1912.
300 _aVI, 275 p., 1 lám. ;
_c22 cm.
600 0 4 _aSieyès, Emmanuel Joseph.
_9106296
651 4 _aFrancia-
_xHistoria-
_y1789-1799, Revolución
_98685
852 _aES-MaACL
_jG-6227
999 _c44327
_d44327